00238nam a2200085Ia 4500001000800000005001700008008004100025245005800066260002800124125063820251031150900.0251031s9999 xx 000 0 und d 0cNECİB MAHFUZaD-3CEBELAVİ SOKAĞININ ÇOCUKLARI bKIRMIZI KEDİ YAYNLARI